Vitezslav Nezval : očerk žizni i tvorčestva /

Hlavní autor: Budagova, Ljudmila Norajrovna, 1932-2022
Korporativní autor: Institut slavjanovedenija (Akademija nauk SSSR)
Jazyk: Ruština
Vydáno: Moskva : Nauka, 1967
Témata:
Fyzický popis: 382 s.
Knihy
Uloženo v:
LEADER 00833nam a2200217 a 4500
001 000675941
003 CZ BrMZK
005 20220906135730.0
007 ta
008 030701s1967 ru f rus d
040 |a BOA001  |b cze  |c BOA001 
100 1 |a Budagova, Ljudmila Norajrovna,  |d 1932-2022  |7 jx20090723002  |4 aut 
245 1 0 |a Vitezslav Nezval :  |b očerk žizni i tvorčestva /  |c L.N. Budagova 
260 |a Moskva :  |b Nauka,  |c 1967 
300 |a 382 s. 
710 2 |a Institut slavjanovedenija (Akademija nauk SSSR)  |7 kn20020321138 
910 |a BOA001  |b 2-0591.384  |b PK-0048.498 
964 |a Nezval, Vítězslav - 1900-1958 - život a dílo 
990 |a BK 
996 7 |b 2619012054  |c 2-0591.384  |l HP2  |r DEN  |n 0  |w 000675941  |u 000020  |a 1  |e BOA001  |j MZK50  |s A 
996 6 |b BC-97936  |c PK-0048.498  |l MZK  |r Sklad / do 1 hodiny  |n 0  |w 000675941  |u 000010  |a 1  |e BOA001  |j MZK50  |s P